000 00755nam a2200241 4500
001 174669
003 ES-MaACL
005 20250830095446.0
008 100514s2000 sp |||| | spa d
017 _aM 14924-2000
080 _a342.7
080 _a342.2
245 0 0 _aÉtica pública y estado de derecho
_b: cuaderno del Seminario Público.
260 _aMadrid :
_bFundación Juan March,
_c[2000]
300 _a151 p. ;
_c23 cm.
490 1 _aSeminario Público.
_aCuadernos ;
_v5
650 7 _aÉtica política
_2embne
_9136540
650 0 7 _aEstado de derecho
_2embne
_912527
710 2 _aFundación Juan March
_94346
830 0 _aSeminario Público.
_aCuadernos ;
_v5
_9223731
852 4 _aES-MaACL
_jC-57225
999 _c174669
_d174669